Harry Potter à l'école des sorciers • Chapitre 1 : Le Survivant - Statistiques

Statistiques générales
  • Ce quiz a été pris 27 fois
  • Le résultat moyen est 31 sur 47
Statistiques - réponses
Question Réponse % Correct
Quelle est l’adresse des Dursley ? 4. Privet Drive
96%
Comment s’appelle l’enfant des Dursley ? Dudley
96%
De quelle famille parle-t-on au début du chapitre ? Les Dursley
92%
Que remarque M. Dursley en allant au travail ? Des passants bizarrement habillés
88%
Comment les Dursley sont-ils décrits ? Parfaitement normaux
85%
Que craignent les Dursley ? Que les gens entendent parler des Potter
85%
Qui a survécu ? Harry
81%
Qui est en réalité le chat ? Minerva McGonagallne
81%
Pourquoi Dumbledore se trouve-t-il à Privet Drive ? Pour confier Harry aux Dursley
81%
Qui ammène Harry ? Rubeus Hagrid
81%
Que remarque M. Dursley dans sa rue ? Un chat lisant une carte routière
81%
Qu’y a-t-il sur le front de Harry ? Une cicatrice en forme d'éclair
81%
Quel véhicule arrive à Privet Drive ? Une moto volante
81%
Quel est le vrai nom de Vous-Savez-Qui ? Voldemort
81%
Où Vous-Savez-Qui est-il allé la veille ? Godric's Hollow
77%
Quel est le nom de l’entreprise de M. Dursley ? Grunnings
77%
Qui est la sœur de Mrs. Dursley ? Lily Potter
77%
Quel nom de famille revient dans les discussions ? Potter
77%
Pour faire quoi ? Tuer les Potter
77%
Quel homme apparaît dans Privet Drive quand les Dursley sont couchés ? Albus Dumbledore
73%
Que portent t'il ? Des capes
73%
Quels animaux les passants remarquent-ils dans la rue ? Des hiboux
73%
Quelle est la réaction de McGonagall ? Elle proteste
73%
Avec Harry, que dépose Dumbledore devant la porte des Dursley ? Une lettre
73%
A-t-il réussi ? A moitié
69%
Que fabrique l’entreprise de M. Dursley ? Des perceuses
69%
Comment est-il décrit ? Grand, mince et très vieux
69%
Quel est le surnom de Harry a ce moment là ? Le Survivant
69%
Quel événement inhabituel est annoncé à la météo ? Des pluies d'étoiles filantes
65%
Que représente la cicatrice de Dumbledore au genou ? Le plan du métro de Londres
65%
Quand M. Dursley rentre chez lui, où se trouve le chat ? Sur le mur du jardin
65%
Quel prénom revient aussi Harry
62%
En sortant, M. Dursley bouscule un homme joyeux. Que dit cet homme ? Que Vous-savez-qui a disparu
62%
Quel objet utilise-t-il pour éteindre les lumières ? Un Éteignoir
62%
Quel nouveau mot Dudley a-t-il appris ? Veux pas
62%
Qui est suspecté d’être responsable des étoiles filantes ? Dedalus Diggle
54%
Quelle est la réaction de M. Dursley ? Il a peur
50%
Que propose Dumbledore à McGonagall ? Un esquimau au citron
50%
Que dit Dumbledore à Harry avant de partir ? << Bonne chance Harry >>
46%
De quel couleur est t'il ? Tigré
46%
À quelle heure M. Dursley quitte-t-il son bureau ce jour-là ? 17h
42%
Quel jour cette histoire commence-t-elle ? Mardi
42%
Quelle excuse M. Dursley trouve-t-il à ce phénomène ? Un reflet de soleil sur le trottoir
35%
Quel animal passe devant la fenêtre des Dursley ? Une chouette
31%
Quelle excuse trouve-t-il à cela ? Une animation de rue
23%
Combien de fois l’actionne-t-il ? 12 fois
19%
À quel étage se trouve le bureau de M. Dursley ? Au neuvième étage
19%
Aucun quiz correspondant
Distribution des résultats
% des personnes avec chaque résultat
Percentile par nombre de réponses
Votre historique - résultats
Vous n’avez pas pris ce quiz